000 00396nam a2200169Ia 4500
008 230524s9999 xx 000 0 und d
020 _a8173661162
082 _a4.52
_bLOU
100 _aKyle Loudon
245 0 _aMastering Algorithms with C
250 _a1ST
260 _aCALCUTTA
_bShroff
_c2004
300 _aXVII;540
500 _aQuantity Number: 2
650 _aComp-Sc
942 _cBK
999 _c15923
_d15923